Sustainable construction procurement (Record no. 102056)

MARC details
000 -LEADER
fixed length control field 01004cam a2200217 4500
008 - FIXED-LENGTH DATA ELEMENTS--GENERAL INFORMATION
fixed length control field 020429n2001 000 0 eng u
020 ## - INTERNATIONAL STANDARD BOOK NUMBER
International Standard Book Number 0860175714
035 ## - SYSTEM CONTROL NUMBER
System control number (Sirsi) u117732
041 0# - LANGUAGE CODE
Language code of text/sound track or separate title eng
050 04 - LIBRARY OF CONGRESS CALL NUMBER
Classification number 333.72 $2 18
245 00 - TITLE STATEMENT
Title Sustainable construction procurement
Remainder of title a guide to delivering environmentally responsible projects
260 ## - PUBLICATION, DISTRIBUTION, ETC.
Place of publication, distribution, etc. London
Name of publisher, distributor, etc. CIRIA
Date of publication, distribution, etc. 2001
300 ## - PHYSICAL DESCRIPTION
Extent 216p.
Dimensions 30cm.
490 #0 - SERIES STATEMENT
Series statement CIRIA
Volume/sequential designation C571
520 ## - SUMMARY, ETC.
Summary, etc. A guide designed to help all those involved in construction projects improve their environmental and sustainability performance, for both the product and the process of construction. Provides an overview of environmental responsibility and sustainability in construction projects, and summarises the experience of organisations that have dealt with these issues in different contexts.
651 #4 - SUBJECT ADDED ENTRY--GEOGRAPHIC NAME
Geographic name United Kingdom
Chronological subdivision
690 ## - LOCAL SUBJECT ADDED ENTRY--TOPICAL TERM (OCLC, RLIN)
Topical term or geographic name as entry element BUILT ENVIRONMENT-SUSTAINABLE CONSTRUCTION
700 1# - ADDED ENTRY--PERSONAL NAME
Personal name Addis, B.
Relator term Editor
700 1# - ADDED ENTRY--PERSONAL NAME
Personal name Talbot, R.
Relator term Editor
942 ## - ADDED ENTRY ELEMENTS (KOHA)
Suppress in OPAC 0
Holdings
Withdrawn status Lost status Source of classification or shelving scheme Damaged status Not for loan Home library Current library Shelving location Date acquired Total Checkouts Full call number Barcode Date last seen Date last checked out Copy number Price effective from Koha item type
    Dewey Decimal Classification     London London Folio 29/04/2002 27 F333.72 ADD 30065808 06/08/2019 23/11/2009 1 06/08/2019 Book